[Rezension von: Carolyn L. Connor: Saints and spectacle]

Saved in:
Bibliographic Details
Published in:Sehepunkte 16(2016), 12, Seite ?
Main Author: Stephan-Kaissis, Christine (Author, VerfasserIn)
Document Type: Online Resource Article
Language:German
Published: [2016]
Subjects:
Online Access:kostenfrei
Related Items:Enthalten in: Sehepunkte
Rezension von: Saints and spectacle
Author Notes:Christine Stephan-Kaissis
LEADER 01681caa a2200361 c 4500
001 1581629915
003 DE-627
005 20220815024619.0
007 cr uuu---uuuuu
008 181008s2016 xx |||||oo 00| ||ger c
035 |a (DE-627)1581629915 
035 |a (DE-576)511629915 
035 |a (DE-599)BSZ511629915 
035 |a (OCoLC)1341019631 
040 |a DE-627  |b ger  |c DE-627  |e rda 
041 |a ger 
100 1 |a Stephan-Kaissis, Christine  |e VerfasserIn  |0 (DE-588)1049723929  |0 (DE-627)782522254  |0 (DE-576)352665610  |4 aut 
245 1 0 |a [Rezension von: Carolyn L. Connor: Saints and spectacle]  |c Christine Stephan-Kaissis 
264 1 |c [2016] 
300 |a ? 
336 |a Text  |b txt  |2 rdacontent 
337 |a Computermedien  |b c  |2 rdamedia 
338 |a Online-Ressource  |b cr  |2 rdacarrier 
500 |a Gesehen am 08.10.2018 
655 7 |a Rezension  |0 (DE-588)4049712-4  |0 (DE-627)106186019  |0 (DE-576)209083166  |2 gnd-content 
773 0 8 |i Enthalten in  |t Sehepunkte  |d München : Ludwig-Maximilians-Univ., 2001  |g 16(2016), 12, Seite ?  |h Online-Ressource  |w (DE-627)33678273X  |w (DE-600)2062440-2  |w (DE-576)117978736  |x 1618-6168  |7 nnas 
773 1 8 |g volume:16  |g year:2016  |g number:12  |g pages:?  |g extent:? 
787 0 8 |i Rezension von  |a Connor, Carolyn L., 1943 -   |t Saints and spectacle  |b First edition  |d New York : Oxford University Press, 2016  |h xvii, 212 Seiten  |w (DE-627)844053805  |w (DE-576)469300442  |z 9780190457624  |z 9780190457631 
856 4 0 |u http://www.sehepunkte.de/2016/12/29289.html  |x Verlag  |z kostenfrei  |3 Volltext  |7 0 
951 |a AR 
994 |u http://www.gbv.de/dms/bowker/toc/9780190457624.pdf 
991 |a Rezension (Monographie, Zeitschrift, Aufsatz) 
999 |a KXP-PPN1581629915  |e 497880339X